Zelená voda - rekreačná oblasť pri Novom Meste nad Váhom

Zobrazenie: Štyri čiastkové pohľady, každý v bielom orámovaní, všetky spolu na šedom podklade. Tri pohľady na vodnú hladinu jazera Zelená voda, na prvom pohľade vidno časť brehu plného ľudí vľavo, na druhom je čln a v pozadí malá windsurfing, na treťom pohľade vidno kúpajúce sa deti vľavo v popredí,...

Celý popis

Podrobná bibliografia
Ďalší autori: Ondrejkovič, Ivan, 1935-1998 (Fotograf), Slivka, Dušan, 1944- (Fotograf)
Médium: Fotografia
Jazyk:slovenčina
Fyzický popis:1 pohľadnica (4 čiastkové pohľady) farebná 11 x 15 cm
Vydavateľské údaje: Bratislava ČSTK-Pressfoto 1987
Predmet:

MARC

LEADER 00000ckm a2200000 a 4500
001 vtls001203492
003 SK-MaSNL
005 20260331202756.0
007 kf co
008 231121s1987 xo g 0kuslo
015 |a SNBG1987 
035 |a SNK000146562 
035 |a urn:nbn:sk:snk-km45ve5 
035 |a 89DBE96E-8898-4B35-AB10-FD436496E590 
035 |a urn:nbn:sk:snk-km00fb0u 
040 |a SNK  |b slo  |c SNK  |e AACR2 
041 0 |a slo 
043 |a e-xo--- 
044 |a xo  |c SK 
072 7 |a 913  |x Regionálna geografia  |2 konspekt 
080 |a 913(437.6)  |2 2011 
080 |a 908(437.6)  |2 2011 
080 |a 797.148  |2 2011 
080 |a 797  |2 2011 
080 |a 711.455  |2 2011 
080 |a 556.55  |2 2011 
080 |a (084.121)  |2 2011 
080 |a 365:379.83  |2 2011 
080 |a (282.3)  |2 2011 
100 1 |a Ondrejkovič, Ivan,  |d 1935-1998  |4 pht  |9 7599 
245 1 0 |a Zelená voda - rekreačná oblasť pri Novom Meste nad Váhom  |h grafika  |c foto I. Ondrejkovič, D. Slivka ; výtvarný návrh: J. Býma 
246 1 |i Názov na obrazovej časti:  |a Zelená voda 
260 |a Bratislava  |b ČSTK-Pressfoto  |c 1987  |e Skalica  |f Grafobal 
300 |a 1 pohľadnica (4 čiastkové pohľady)  |b farebná  |c 11 x 15 cm 
520 8 |a Zobrazenie: Štyri čiastkové pohľady, každý v bielom orámovaní, všetky spolu na šedom podklade. Tri pohľady na vodnú hladinu jazera Zelená voda, na prvom pohľade vidno časť brehu plného ľudí vľavo, na druhom je čln a v pozadí malá windsurfing, na treťom pohľade vidno kúpajúce sa deti vľavo v popredí, vpravo v pozadí sú windsurferi. Jeden pohľad na reštauráciu, rekreačné stredisko, v propedí vidno rozložené stoly a stoličky 
650 0 7 |a rekreačné oblasti  |2 SNKPH  |9 69057 
650 0 7 |a jazerá  |2 SNKPH  |9 19987 
650 0 7 |a rekreačné strediská  |2 SNKPH  |9 75706 
650 0 7 |a vodné športy  |2 SNKPH  |9 3221 
650 0 7 |a windsurfing  |2 SNKPH  |9 25829 
651 7 |a Zelená voda (Nové Mesto nad Váhom, Slovensko)  |2 SNKPHgeo  |9 431844 
651 7 |a Zelená voda (Slovensko : rybník)  |2 SNKPHgeo  |9 188009 
655 7 |a miestne pohľadnice  |2 SNKPH  |9 70510 
655 7 |a geografické pohľadnice  |2 SNKPH  |9 70522 
700 1 |a Slivka, Dušan,  |d 1944-  |4 pht  |9 249825 
700 1 |a Býma, J.  |c (grafik)  |4 art  |9 283282 
852 |a Slovenská národná knižnica 
954 |a pohľadnice pôvodné (slovenské)  |2 lita 
958 |a GBN 
958 |a GC 
958 |a OND 
958 |a EUIPO 
999 |c 684314  |d 686244 
952 |a SNK  |b SNK  |y PREZ  |7 0  |p 17A1282348  |o snkSP 140716  |i snk753/89  |0 0  |1 0  |4 0  |d 2020-09-29  |f 1  |l 0  |r 2026-02-23 20:07:58  |w 2026-02-23 
952 |a SNK  |b SNK  |y PREZ  |7 0  |p 17A1282349  |o snkSP 140716 D1  |i snk754/89  |0 0  |1 0  |4 0  |d 2020-09-29  |l 0  |r 2026-02-23 20:07:58  |w 2026-02-23